000
00332 a2200145 4500
001
152367
040
_c
Escola São Tomás de Aquino
100
_a
LA FONTAINE
240
1
0
_a
Histórias sobre ética
_l
por
245
1
0
_a
Histórias sobre ética
300
_a
136
440
1
_a
Ática
697
_a
*LITERATURA JUVENIL
942
_c
BK
999
_c
152367
_d
152367